000 01300nim a2200337 i 4500
001 197363
003 ES-MaACL
005 20250828062633.0
007 ss lsnjlcipnne
008 250424s1990 sp nnnn |||| 00| spa d
040 _bspa
_cES-MaACL
100 1 _aLavado, Pedro J.
_eaut
_9240615
_d1949-
245 1 0 _aImágenes de una revolución
_h[Grabación sonora] :
_bconferencia /
_cpor D. Pedro J. Lavado
260 _aMadrid :
_bAteneo de Madrid,
_c1991.
300 _a1 casete (ca. 90 min) :
_bson. ;
_c11 cm
490 1 _3Actos culturales en el Ateneo de Madrid
518 _aGrabado el 21 de octubre de 1991 en el Salón de Actos del Ateneo de Madrid.
540 _aDocumento inédito
594 _5Datos basados en la invitación.
610 2 0 _aAteneo de Madrid-
_xActos culturales-
_y1991-
_vGrabaciones sonoras
_9240452
650 7 _aRevoluciones
_2embne
_916897
653 _aArchivo de la palabra
655 0 _aConferencias
_9234444
710 2 _aAteneo de Madrid
_ehis
_91875
710 _aAsociación Hispano Libia de Amistad y Cooperación
_eclb
_9240616
830 0 _aActos culturales en el Ateneo de Madrid
_9240237
852 _aES-MaACL
_cDEPOZ
_9205691
942 _2udc
_n0
_cCINTASAUD
999 _c197363
_d197363